000 01086nam a22002777a 4500
003 BD-DhSAU
005 20200121104312.0
008 161006b2018 bg ad||| |||| 00| 0 eng d
040 _aBD-DhSAU
082 _222
_a630
_bF375
100 _aFerdous , Jannatul
_4Registration No:12-04990
245 _aGrowth and yield responses of Rapeseed-Mustard varieties grown with different sowing times /
_cJannatul Ferdous
_bMs Thesis
260 _aDhaka : Sher- e- Bangla Agricultural University :
_bDepartment of Agronomy ,
_c2018
300 _ax, 95 p. :
_bill. ;
_c30 cm.
500 _aMS Thesis ,Department of Agronomy ,Sher-E-Bangla Agricultural University , Dhaka-1207 ,
504 _aIncludes bibliographical references.
590 _aShofi
650 _aAgronomy
650 _aGrowth and yield
650 _aRapeseed-Mustard
650 _aSowing times
700 _aHossain , H. M. M. Tariq
_4Supervisor
700 _aRoy , Tuhin Suvra
_4Co-Supervisor
856 _u http://archive.saulibrary.edu.bd:8080/xmlui/handle/123456789/2971
_yOnline Access
942 _2ddc
_cTHESIS
999 _c14960
_d14959